000
00310nam a22001337a 4500
008
171031b xxu||||| |||| 00| 0 eng d
020
_a
9780130137005
041
_a
eng
080
_2
2ND
_a
33
100
_a
58
101
_a
BUS
245
_a
INTERCULTURAL BUSINESS COMMUNICATION
_c
CHANEY,L.H
942
_2
udc
_c
BK
999
_c
36727
_d
36727